000 00555aam a2200229 4500
005 20260413182122.0
008 150720b1984 xxu||||| |||| 00| 0 spa d
041 _aESP
082 _a364.6 S218p
100 _aSandoval Huertas, Emiro
245 _aPenología
260 _aColombia
260 _bUniversidad Externado de Colombia
260 _c1984
300 _a331 páginas
490 _aInvestigación Criminal
650 _aPENOLOGÍA
650 _aHISTORIA
650 _aPENA DE MUERTE
650 _aSANCIONES PENALES
942 _cBK
_2ddc
999 _c103
_d103